| 000 | 00331nab a22001097u 4500 | ||
|---|---|---|---|
| 008 | 130520b1984 xxu||||| |||| 00| 0 fre d | ||
| 041 | _afre | ||
| 100 | 1 |
_aBelohradsky, Vaclav _953563 |
|
| 245 | 0 | 0 |
_aLes scrupules et l'Etat _cVaclav Belohradsky |
| 773 | 0 |
_tEspirit et Vie _gnº91-92,1984,págs. 46-50 _x0014-0775 _wRev184 |
|
| 942 | _cAR | ||
| 999 |
_c309510 _d309510 |
||